Normal view
MARC view
- Afzal Ur Rehman Muhammad Ayub Munir
Entry Personal Name
001 - CONTROL NUMBER
- control field: 78802
003 - CONTROL NUMBER IDENTIFIER
- control field: NUST
005 - DATE AND TIME OF LATEST TRANSACTION
- control field: 20210628210252.0
008 - FIXED-LENGTH DATA ELEMENTS
- fixed length control field: 210628|| aca||aabn | a|a d
040 ## - CATALOGING SOURCE
- Original cataloging agency: NUST
- Transcribing agency: NUST
100 ## - HEADING--PERSONAL NAME
- Personal name: Afzal Ur Rehman Muhammad Ayub Munir
670 ## - SOURCE DATA FOUND
- Source citation: Work cat.: (NUST): Afzal Ur Rehman Muhammad Ayub Munir, Doray jadeed main musalman aurat ka kirdar, 1994
